000 02953naa a2200325Ia 4500
003 OSt
005 20260416133403.0
008 260416s2017 xx 000 0 und d
040 _aFoundation University
_bEng
_cFoundation University
_erda
050 _aCBA (BsEco-FS) LG 221 D35 B87
_b A5 B87 2015 A84
099 _a799
100 _aAseñas, Mary Grace C.
_91517
_eauthor.
245 1 0 _aThe economic status of pedicab drivers in Dumaguete City /
_cby Mary Grace C. Aseñas, Shereal M. Gonzales, and Ma. Kristel T. Ramirez
264 _aDumaguete City :
_bFoundation University ;
_c2015.
_42015.
300 _a58 leaves :
_bill. (chiefly color) ;
_c28 cm.
_3volume
_fresource
336 _2rdacontent
_atext
_btxt
337 _2rdamedia
_aunmediated
_bn
338 _3rdacarrier
_avolume
_bnc
502 _eUndergraduate feasibility (BS in Administration Major Business Economics) - - Foundation University, 2015.
504 _aIncludes bibliographical references and appendices.
520 _aABSTRACT Pedicab or tricycle is a major mode of transporting passengers within the vicinity of Dumaguete City. Seemingly, pedicab driving has been considered by pedicab drivers as a green job for them because this type of job provides income to support their families. However, pedicab are increasing in number, alongside, problem arise. Thus, this study was conducted to describe the status of pedicab drivers of Dumaguete City as a growing working force in Dumaguete City. Included in this study are the Age, civil status, number of dependent family, and savings per day of the pedicab drivers This study made use of descriptive research method using a questionnaire as the main instrument. There are 2500 of the registered pedicab and 344 drivers were considered as respondents. Frequency, percentage and total weighted mean were employed to make the data meaningful. Findings of the study disclosed that all of the respondents are male, majority at age of 31 to 38 and most of them are married. Almost all of the respondents have 4 dependents of the family, and most of the respondents are high school graduate. Generally, they are driving full time and most of all the pedicab drivers do not own the pedicab they are using. However, majority of them claimed that they are in good health; otherwise, they'll encounter illness once in a month.
650 _aPedicab drivers
_zPhilippines.
_zDumaguete City.
_91518
650 _aTransportation workers
_zPhilippines.
_915506
650 _aIncome distribution
_zPhilippines.
_915505
650 _ainformal sector (Economics)
_915504
_zPhilippines.
658 _aProject Feasibility Study :
_bAdministration Major in Business Economics, Bachelor of Science in ;
_cFSB301.
700 1 _aGonazales, Shereal M.
_eco-author
_915522
700 1 _aRamirez, Kristel T. Ma.
_eco-author
_915525
942 _2lcc
_cFS
_hLG 221 D35 B87
_iA5 B87 2015 A84
_kCBA (BsEco-FS)
999 _c5747
_d5747